书目信息 |
| 题名: |
包装设计在品牌价值中的应用研究
|
|
| 作者: | 杨哲 著 | |
| 分册: | ||
| 出版信息: | 北京 北京工业大学出版社 2021.8 |
|
| 页数: | 173页 | |
| 开本: | 26cm | |
| 丛书名: | ||
| 单 册: | ||
| 中图分类: | TB482 | |
| 科图分类: | ||
| 主题词: | 包装设计--研究 | |
| 电子资源: | ||
| ISBN: | 978-7-5639-7415-3 | |
| 000 | 00861nam0 2200229 45 | |
| 001 | 012001002230 | |
| 005 | 20140913150201.0 | |
| 010 | @a978-7-5639-7415-3@dCNY54.00 | |
| 100 | @a20210408d2020 em y0chiy50 ea | |
| 101 | 0 | @achi |
| 102 | @aCN@b110000 | |
| 105 | @aa z 000yy | |
| 106 | @ar | |
| 200 | 1 | @a包装设计在品牌价值中的应用研究@Abao zhuang she ji zai pin pai jia zhi zhong de ying yong yan jiu@f杨哲著 |
| 210 | @a北京@c北京工业大学出版社@d2021.8 | |
| 215 | @a173页@c图@d26cm | |
| 330 | @a本书共九章,主要从产品、消费者和企业的角度阐述包装设计与品牌化的关系,并结合实际案例,从视觉语言、人机工程学及环境保护角度研究包装设计对品牌化建设的影响,对包装设计在品牌价值中的具体应用进行详细的阐述。 | |
| 606 | 0 | @a包装设计@x研究 |
| 690 | @aTB482@v5 | |
| 701 | 0 | @a杨哲@Ayang zhe@4著 |
| 801 | 0 | @aCN@bBJSDL@c20211011 |
| 905 | @b1338930-3@dTB482@e604@f4 | |
| 包装设计在品牌价值中的应用研究/杨哲著.-北京:北京工业大学出版社,2021.8 |
| 173页:图;26cm |
| ISBN 978-7-5639-7415-3:CNY54.00 |
| 本书共九章,主要从产品、消费者和企业的角度阐述包装设计与品牌化的关系,并结合实际案例,从视觉语言、人机工程学及环境保护角度研究包装设计对品牌化建设的影响,对包装设计在品牌价值中的具体应用进行详细的阐述。 |
| ● |
| 相关链接 |
|
|
|
|
正题名:包装设计在品牌价值中的应用研究
索取号:TB482/604
 
预约/预借
| 序号 | 登录号 | 条形码 | 馆藏地/架位号 | 状态 | 备注 |
| 1 | 1338930 | 213389304 | 第二样本阅览室/ [索取号:TB482/604] | 在馆 | |
| 2 | 1338931 | 213389313 | 第三借阅区/ [索取号:TB482/604] | 在馆 | |
| 3 | 1338932 | 213389322 | 第三借阅区/ [索取号:TB482/604] | 在馆 | |
| 4 | 1338933 | 213389331 | 第三借阅区/ [索取号:TB482/604] | 在馆 |